00617nam a2200193 a 4500001001300000003000900013005001700022008004100039020002300080082001700103100002900120245008100149260003400230300000900264500003500273505005400308650003200362700002900394nice12345678IN_TiNIC20260116012259.0050524s1989 u ka grp 000 0 eng  a086037X c10000a962.403bAHM aAhmed, Hassan Makki Mohd aSudanb the Christian Design, Study of the Missionary Factor in Sudan`s Cult aU KbIslamic Foundationc1989 a176p aincludes index and biblioraphy2 aAnd Political Integration 1843-1986/ Index, Bibl. aSudan-Political Development1 aAhmed, Hassan Makki Mohd